[Event "NAYCC U12 w"]
[Site "Kingston CAN"]
[Date "2019.08.17"]
[Round "4.102"]
[White "Zhong, April Yunwei"]
[Black "Chen, Angela"]
[Result "1-0"]
[WhiteElo "1340"]
[BlackElo "1341"]
[PlyCount "147"]
[EventDate "2019.08.16"]
[EventType "swiss"]
[EventRounds "9"]
[EventCountry "CAN"]

1. d4 d5 2. Bf4 Nc6 3. e3 a6 4. Bd3 Nf6 5. c3 h6 6. Nd2 e6 7. Ngf3 Bd6 8. Bg3
O-O 9. O-O Ne7 10. e4 Bxg3 11. hxg3 dxe4 12. Nxe4 Ned5 13. Ne5 b6 14. c4 Nb4
15. Bb1 Nd7 16. Nd3 Nc6 17. Nf4 e5 18. dxe5 Ndxe5 19. Qc2 Bf5 20. Nf6+ Qxf6 21.
Qxf5 Qxf5 22. Bxf5 Nd4 23. Be4 Rad8 24. b3 a5 25. Nd5 f5 26. Bf3 Nexf3+ 27.
gxf3 Rd7 28. Kg2 Rb8 29. Rad1 c5 30. Rfe1 Kf7 31. Nc3 Rbd8 32. Re5 Kf6 33. Rde1
Rb8 34. f4 Rbb7 35. Ne2 Nc2 36. Rd1 Nb4 37. Ra1 Rd2 38. Nc3 Nd3 39. Re2 Rxe2
40. Nxe2 Re7 41. Nc3 Re6 42. Rd1 Ne1+ 43. Kh3 Nf3 44. Nb5 Kg6 45. Rd6 Kf6 46.
Rxe6+ Kxe6 47. Nc7+ Kd7 48. Nd5 Ne1 49. Nxb6+ Ke6 50. Na4 Nd3 51. Kg2 Kd6 52.
Nc3 Nb4 53. f3 Nd3 54. Kf1 Kc6 55. Ke2 Nb4 56. Kd2 Kd6 57. a3 Na6 58. Kd3 Ke6
59. Nd5 Kd6 60. Ne3 Ke6 61. Nc2 Kd6 62. Kc3 Kc6 63. b4 axb4+ 64. axb4 cxb4+ 65.
Nxb4+ Nxb4 66. Kxb4 g5 67. fxg5 hxg5 68. c5 Kc7 69. Kc4 Kc6 70. Kd4 g4 71. f4
Kc7 72. Ke5 Kc6 73. Kxf5 Kxc5 74. Kxg4 1-0

[Event "NAYCC U12 w"]
[Site "Kingston CAN"]
[Date "2019.08.17"]
[Round "4.103"]
[White "Morden, Simone"]
[Black "Wen, Kally"]
[Result "0-1"]
[WhiteElo "1415"]
[BlackElo "1339"]
[PlyCount "94"]
[EventDate "2019.08.16"]
[EventType "swiss"]
[EventRounds "9"]
[EventCountry "CAN"]

1. d4 Nf6 2. Nf3 e6 3. e3 d5 4. Bd3 Be7 5. Nbd2 O-O 6. b3 c6 7. Bb2 b6 8. O-O
Bb7 9. c4 Re8 10. Rc1 Nbd7 11. Re1 c5 12. e4 dxe4 13. Nxe4 cxd4 14. Nxd4 Nc5
15. Nxc5 Bxc5 16. Nf3 Ng4 17. Rc2 Bb4 18. Rf1 h6 19. h3 Nf6 20. a3 Bd6 21. Re1
Be7 22. Rd2 Qc7 23. Be5 Qc8 24. b4 a5 25. Rb2 Rd8 26. Qe2 axb4 27. axb4 Ra3 28.
Rd1 Ba6 29. Nd4 Nd7 30. Qe4 f5 31. Qe2 Nxe5 32. Qxe5 Bf6 33. Qe2 Rxd4 34. Rbd2
Bg5 35. Bxf5 Rxd2 36. Bxe6+ Kh8 37. Rxd2 Ra1+ 38. Kh2 Qb8+ 39. g3 Bxd2 40. Qxd2
Bb7 41. Bd5 Bxd5 42. cxd5 Ra7 43. Kg2 Rd7 44. Kf3 Qe5 45. Qc2 Qxd5+ 46. Ke2
Re7+ 47. Kf1 Qh1# 0-1

[Event "NAYCC U12 w"]
[Site "Kingston CAN"]
[Date "2019.08.17"]
[Round "4.104"]
[White "Zhang, Joyce"]
[Black "Wang, Felicity"]
[Result "0-1"]
[WhiteElo "1339"]
[BlackElo "1490"]
[PlyCount "110"]
[EventDate "2019.08.16"]
[EventType "swiss"]
[EventRounds "9"]
[EventCountry "CAN"]

1. e4 e5 2. Nf3 Nc6 3. Bb5 a6 4. Ba4 d6 5. d3 g6 6. Be3 Bg7 7. Nbd2 Nge7 8. O-O
O-O 9. Bb3 h6 10. c3 Kh8 11. Ne1 f5 12. f4 exf4 13. Bxf4 Na5 14. Bc2 g5 15. Be3
f4 16. Bf2 Nac6 17. d4 g4 18. Nd3 Ng6 19. Qe1 Qg5 20. d5 Nce5 21. Nxe5 Nxe5 22.
Bh4 Qh5 23. Kh1 Bd7 24. b3 Ng6 25. g3 Bxc3 26. e5 Nxh4 27. gxh4 Bxa1 28. e6
Qxd5+ 29. Be4 Qxe6 30. Qxa1+ Qe5 31. Qxe5+ dxe5 32. Bxb7 Ra7 33. Be4 Be6 34.
Kg2 c5 35. Nc4 Bxc4 36. bxc4 Kg7 37. Rd1 Rb8 38. Rd2 Rb4 39. Bd5 Re7 40. Kf2 e4
41. Kg2 e3 42. Re2 f3+ 43. Bxf3 gxf3+ 44. Kxf3 Rxc4 45. Kg3 Rd4 46. Kf3 Rd2 47.
Rxe3 Rxe3+ 48. Kxe3 Rd8 49. Ke4 Kf6 50. Kf4 c4 51. h5 c3 52. a4 c2 53. h4 c1=Q+
54. Kg4 Qf1 55. a5 Rg8# 0-1

[Event "NAYCC U12 w"]
[Site "Kingston CAN"]
[Date "2019.08.17"]
[Round "4.105"]
[White "Surya, Dania"]
[Black "Zhou, Celina"]
[Result "0-1"]
[WhiteElo "1216"]
[BlackElo "1446"]
[PlyCount "80"]
[EventDate "2019.08.16"]
[EventType "swiss"]
[EventRounds "9"]
[EventCountry "CAN"]

1. e4 c5 2. d4 cxd4 3. c3 d3 4. Bxd3 Nc6 5. Nf3 g6 6. c4 Bg7 7. O-O d6 8. a3
Nf6 9. Nc3 O-O 10. h3 Nd7 11. Qc2 Nde5 12. Nxe5 Nxe5 13. Be2 Be6 14. b3 Nc6 15.
Be3 Nd4 16. Bxd4 Bxd4 17. Rad1 Bg7 18. Nd5 Rc8 19. Qd2 Bd7 20. Bd3 e6 21. Ne3
Qe7 22. Bc2 Rc6 23. b4 a6 24. c5 Rd8 25. cxd6 Qf8 26. Qe2 Rxd6 27. Rxd6 Qxd6
28. Rd1 Qe7 29. Nc4 Bc6 30. Rxd8+ Qxd8 31. Qe3 Qc7 32. f4 Bb5 33. Bd3 Bxc4 34.
Bxc4 Qxc4 35. e5 Bh6 36. g3 Qd5 37. Qc3 Bf8 38. Kf2 a5 39. h4 axb4 40. axb4 Qb5
0-1

[Event "NAYCC U12 w"]
[Site "Kingston CAN"]
[Date "2019.08.17"]
[Round "4.106"]
[White "Chen, Helen"]
[Black "Gomez Camara, Sofia"]
[Result "0-1"]
[WhiteElo "1447"]
[BlackElo "1243"]
[PlyCount "84"]
[EventDate "2019.08.16"]
[EventType "swiss"]
[EventRounds "9"]
[EventCountry "CAN"]

1. e4 e5 2. Nf3 Nf6 3. Nxe5 d6 4. Nf3 Nxe4 5. d3 Nf6 6. Be2 Be7 7. Nc3 O-O 8.
O-O Nc6 9. Bg5 Be6 10. d4 Bf5 11. Nh4 Bd7 12. Re1 h6 13. Be3 d5 14. Nf3 Re8 15.
h3 Bb4 16. Bd2 Ne4 17. Nxd5 Bxd2 18. Nxd2 Nxd4 19. Nxe4 Rxe4 20. f3 Nxe2+ 21.
Rxe2 Rxe2 22. Qxe2 Bxh3 23. Ne7+ Kf8 24. gxh3 Qxe7 25. Qxe7+ Kxe7 26. Kf2 Rd8
27. Re1+ Kf6 28. Ke3 Re8+ 29. Kf2 Rxe1 30. Kxe1 Ke5 31. Ke2 Kf4 32. Kf2 g5 33.
c4 h5 34. b4 g4 35. fxg4 hxg4 36. h4 g3+ 37. Kg2 Kg4 38. h5 Kxh5 39. Kxg3 Kg5
40. Kf3 Kf5 41. a3 Ke5 42. c5 Kd4 0-1

[Event "NAYCC U12 w"]
[Site "Kingston CAN"]
[Date "2019.08.17"]
[Round "4.107"]
[White "Jin, Christina"]
[Black "Tec, Isavelina"]
[Result "0-1"]
[WhiteElo "1503"]
[BlackElo "1163"]
[PlyCount "136"]
[EventDate "2019.08.16"]
[EventType "swiss"]
[EventRounds "9"]
[EventCountry "CAN"]

1. d4 d5 2. c4 c6 3. Nc3 dxc4 4. e4 b5 5. Nf3 Nf6 6. Qc2 Bg4 7. Be3 Nbd7 8. Be2
e6 9. O-O Be7 10. Nd2 Bxe2 11. Nxe2 O-O 12. Ng3 c5 13. dxc5 Bxc5 14. Bxc5 Nxc5
15. Rfd1 Qc7 16. b3 cxb3 17. Nxb3 Na6 18. Qxc7 Nxc7 19. Nd4 e5 20. Nc6 Rfe8 21.
Rd6 Re6 22. Rad1 Rxd6 23. Rxd6 Nce8 24. Rd1 a6 25. Nxe5 Rc8 26. f3 g6 27. Ne2
Rc2 28. Nd4 Rxa2 29. Nec6 Nc7 30. Rb1 Nd7 31. Rb3 Kf8 32. h4 Nc5 33. Rb1 Na4
34. Kh2 Rb2 35. Rxb2 Nxb2 36. g4 Nc4 37. Nb3 Ke8 38. Kg2 Kd7 39. Nba5 Nxa5 40.
Nxa5 Kd6 41. Kf2 Kc5 42. Ke3 Kb4 43. Nc6+ Kc3 44. f4 b4 45. Na5 b3 46. Nxb3
Kxb3 47. Kd3 a5 48. f5 gxf5 49. exf5 a4 50. g5 a3 51. h5 Ne8 52. g6 fxg6 53.
fxg6 hxg6 54. h6 Nf6 55. Kd2 a2 56. h7 Nxh7 57. Kd3 a1=Q 58. Ke3 Qd1 59. Ke4
Qd2 60. Ke5 Qg5+ 61. Ke6 Qf6+ 62. Kd7 Nf8+ 63. Kc7 Qe6 64. Kb7 Qd6 65. Ka7 Qc6
66. Kb8 Nd7+ 67. Ka7 Qb6+ 68. Ka8 Qb8# 0-1

[Event "NAYCC U12 w"]
[Site "Kingston CAN"]
[Date "2019.08.17"]
[Round "4.108"]
[White "Li, Annie"]
[Black "Yang, Adelynne"]
[Result "0-1"]
[WhiteElo "1285"]
[BlackElo "1133"]
[PlyCount "160"]
[EventDate "2019.08.16"]
[EventType "swiss"]
[EventRounds "9"]
[EventCountry "CAN"]

1. e4 c5 2. Nf3 e6 3. d4 cxd4 4. Nxd4 Nf6 5. Nc3 d6 6. Be2 Be7 7. O-O O-O 8.
Be3 a6 9. h3 b5 10. Bf3 e5 11. Nde2 Bb7 12. Ng3 Nbd7 13. Nf5 b4 14. Ne2 Bxe4
15. Bxe4 Nxe4 16. f3 Nef6 17. Nxd6 Qc7 18. Ne4 Rfd8 19. c3 Nc5 20. Qc2 Ncxe4
21. fxe4 Rac8 22. a3 bxa3 23. bxa3 Qc4 24. Rf5 Bd6 25. Bg5 Qc5+ 26. Kh1 Be7 27.
a4 h6 28. Bh4 Rc7 29. Bg3 Nd7 30. Qa2 Bf6 31. Bf2 Qe7 32. Rf1 Nc5 33. Ng3 Rcd7
34. Nh5 Nxe4 35. Nxf6+ Nxf6 36. Bh4 Rd6 37. Bg3 Rd5 38. Re1 e4 39. Rxd5 Rxd5
40. Qc4 Qc5 41. Qxa6 Qxc3 42. Qa8+ Kh7 43. Kh2 Rd3 44. Bf2 e3 45. Bg3 Qc2 46.
Qf3 Qc3 47. Qf5+ Kh8 48. Be5 Qxe1 49. Qxd3 Qd2 50. Qb1 e2 51. Qb8+ Ng8 52. Qf8
Qg5 53. Bc3 Qf4+ 54. g3 Qf2+ 55. Kh1 e1=Q+ 56. Bxe1 Qxe1+ 57. Kg2 Qe2+ 58. Kg1
Qd1+ 59. Kg2 Qxa4 60. Qxf7 Qc2+ 61. Qf2 Qxf2+ 62. Kxf2 Kh7 63. Kf3 Kg6 64. g4
Kg5 65. Kg3 Ne7 66. h4+ Kf6 67. Kf4 g5+ 68. hxg5+ hxg5+ 69. Ke4 Ng6 70. Kf3 Ke5
71. Ke3 Nh4 72. Kf2 Kf4 73. Kf1 Kxg4 74. Kg1 Kg3 75. Kh1 g4 76. Kg1 Nf5 77. Kh1
Kh3 78. Kg1 Ng3 79. Kf2 Kh2 80. Ke1 Ne4 0-1

[Event "NAYCC U12 w"]
[Site "Kingston CAN"]
[Date "2019.08.17"]
[Round "4.109"]
[White "Liu, Lily"]
[Black "Huang, Lulu"]
[Result "0-1"]
[WhiteElo "919"]
[BlackElo "1285"]
[PlyCount "122"]
[EventDate "2019.08.16"]
[EventType "swiss"]
[EventRounds "9"]
[EventCountry "CAN"]

1. e4 e5 2. Nf3 Nc6 3. d4 exd4 4. Bc4 Bc5 5. c3 dxc3 6. Nxc3 d6 7. O-O Nf6 8.
Bf4 Bg4 9. Re1 O-O 10. e5 dxe5 11. Qxd8 Raxd8 12. Nxe5 Nxe5 13. Bxe5 c6 14. Ne4
Nxe4 15. Rxe4 Be6 16. Bc3 Bxc4 17. Rxc4 Bb6 18. Rg4 f6 19. Re1 Rf7 20. h3 Bc7
21. Rd4 Rfd7 22. Re8+ Kf7 23. Rxd7+ Rxd7 24. Re1 Re7 25. Rd1 Kg6 26. g3 Bb6 27.
Kg2 Re2 28. Rd2 Rxd2 29. Bxd2 Bd4 30. Bc3 Bxc3 31. bxc3 Kf5 32. Kf3 Ke5 33. Ke3
Kd5 34. Kd3 Kc5 35. h4 b5 36. a3 a5 37. Kc2 Kc4 38. f3 c5 39. g4 b4 40. axb4
cxb4 41. cxb4 axb4 42. g5 b3+ 43. Kb2 f5 44. h5 f4 45. g6 hxg6 46. hxg6 Kd3 47.
Kxb3 Ke3 48. Kc3 Kxf3 49. Kd3 Kg2 50. Ke2 f3+ 51. Ke3 f2 52. Ke4 f1=Q 53. Kd5
Qc1 54. Ke4 Qc6+ 55. Ke5 Kf3 56. Kd4 Kf4 57. Kd3 Qa4 58. Kc3 Ke3 59. Kb2 Kd3
60. Kb1 Kc3 61. Kc1 Qc2# 0-1

[Event "NAYCC U12 w"]
[Site "Kingston CAN"]
[Date "2019.08.17"]
[Round "4.110"]
[White "Geillon-Barral, Roween"]
[Black "Liao, Jody"]
[Result "0-1"]
[WhiteElo "874"]
[BlackElo "991"]
[PlyCount "52"]
[EventDate "2019.08.16"]
[EventType "swiss"]
[EventRounds "9"]
[EventCountry "CAN"]

1. e4 e5 2. Nf3 Nc6 3. Bc4 Bc5 4. d3 Nf6 5. O-O d6 6. h3 h6 7. Nc3 O-O 8. Be3
Bb6 9. Qd2 Be6 10. Bxe6 fxe6 11. Bxb6 axb6 12. Qe3 Qe7 13. Rfe1 Nb4 14. Qd2 Nh5
15. Kh1 Nf4 16. Rg1 Nc6 17. a3 Nd4 18. Nxd4 exd4 19. Ne2 Qh4 20. Ng3 Nxh3 21.
Rgf1 Nxf2+ 22. Kg1 Ng4 23. Rf3 Qh2+ 24. Kf1 Rxf3+ 25. Ke1 Qg1+ 26. Ke2 Rf2# 0-1

[Event "NAYCC U12 w"]
[Site "Kingston CAN"]
[Date "2019.08.17"]
[Round "4.111"]
[White "Jeyakumar, Mathusha"]
[Black "Xie, Amy"]
[Result "1-0"]
[WhiteElo "855"]
[BlackElo "825"]
[PlyCount "53"]
[EventDate "2019.08.16"]
[EventType "swiss"]
[EventRounds "9"]
[EventCountry "CAN"]

1. e4 e5 2. Nf3 Nc6 3. Bc4 Nh6 4. O-O Bc5 5. d3 Rf8 6. Nc3 d6 7. Bg5 f6 8. Bxh6
gxh6 9. Qd2 Bg4 10. Nh4 Qd7 11. Nd5 O-O-O 12. a3 Nd4 13. Kh1 Qe6 14. Qa5 Rd7
15. Qa4 Rg7 16. Nb6+ Bxb6 17. Bxe6+ Bxe6 18. c3 Ne2 19. Rae1 Bh3 20. gxh3 Rfg8
21. Nf5 Rd7 22. Rxe2 d5 23. exd5 Rxd5 24. Ne7+ Kb8 25. Nxg8 Rxd3 26. Qe8+ Rd8
27. Qxd8# 1-0

[Event "NAYCC U12 w"]
[Site "Kingston CAN"]
[Date "2019.08.18"]
[Round "5.98"]
[White "Lee, Yesun"]
[Black "Rajaram, Anika"]
[Result "1-0"]
[WhiteElo "1696"]
[BlackElo "1560"]
[PlyCount "155"]
[EventDate "2019.08.16"]
[EventType "swiss"]
[EventRounds "9"]
[EventCountry "CAN"]

1. d4 d5 2. Nf3 Nf6 3. Bf4 c5 4. e3 Nc6 5. Be2 Bg4 6. c3 Qb6 7. Qc2 Bf5 8. Qc1
e6 9. O-O Be7 10. Nbd2 O-O 11. dxc5 Bxc5 12. Nb3 Be7 13. h3 Rac8 14. Nh4 Bg6
15. Nxg6 hxg6 16. Rd1 Rfd8 17. Nd4 Nxd4 18. exd4 a6 19. Rb1 Ne4 20. Bd3 Nd6 21.
Re1 Bf6 22. Qe3 Qc6 23. Qg3 Nf5 24. Qf3 b5 25. a3 a5 26. g4 Nd6 27. g5 Be7 28.
h4 Qe8 29. h5 Bf8 30. hxg6 fxg6 31. Qe2 Nf5 32. Bxb5 Qf7 33. Qxe6 Qxe6 34. Rxe6
Kf7 35. Ra6 Ra8 36. Rxa8 Rxa8 37. Bc6 Rd8 38. Bc7 Rc8 39. Bxd5+ Ke7 40. Bxa5
Kd6 41. Bb7 Re8 42. Bb4+ Kc7 43. Bxf8 Rxf8 44. Be4 Nh4 45. f3 Nxf3+ 46. Bxf3
Rxf3 47. Kh2 Rf5 48. Rg1 Kc6 49. Kh3 Rf2 50. Rg2 Rf1 51. Kg3 Kb5 52. Rf2 Rg1+
53. Kf4 Re1 54. Rd2 Rf1+ 55. Ke5 Rf5+ 56. Ke6 Rxg5 57. d5 Rg3 58. d6 Re3+ 59.
Kf7 Rf3+ 60. Kxg7 Re3 61. d7 Re7+ 62. Kxg6 Rxd7 63. Rxd7 Kc4 64. a4 Kc5 65. b4+
Kc6 66. Rd4 Kb6 67. c4 Kc6 68. b5+ Kb6 69. Rd6+ Kc5 70. Rc6+ Kd4 71. b6 Ke5 72.
b7 Kd4 73. b8=Q Kc3 74. Rd6 Kxc4 75. Qc7+ Kb4 76. Rb6+ Ka3 77. Qc3+ Ka2 78.
Qb2# 1-0

[Event "NAYCC U12 w"]
[Site "Kingston CAN"]
[Date "2019.08.18"]
[Round "5.99"]
[White "Wang, Rachel"]
[Black "Wang, Lilian"]
[Result "1-0"]
[WhiteElo "1344"]
[BlackElo "1767"]
[PlyCount "103"]
[EventDate "2019.08.16"]
[EventType "swiss"]
[EventRounds "9"]
[EventCountry "CAN"]

1. d4 Nf6 2. c4 g6 3. Nc3 Bg7 4. e4 d6 5. Nf3 O-O 6. Be2 e5 7. O-O Nc6 8. d5
Ne7 9. Ne1 Nd7 10. Be3 f5 11. f3 f4 12. Bf2 g5 13. Nd3 Ng6 14. c5 Nf6 15. Rc1
Rf7 16. Qc2 a6 17. cxd6 cxd6 18. Na4 Nd7 19. Qc7 Qxc7 20. Rxc7 Nf6 21. Rfc1 Bd7
22. Nb6 Rb8 23. Nxd7 Rxd7 24. Bb6 Bf8 25. Rxd7 Nxd7 26. Ba7 Ra8 27. Rc7 Rxa7
28. Rxd7 a5 29. Bd1 a4 30. Nb4 Ne7 31. Nc6 Nxc6 32. dxc6 Ra8 33. cxb7 Rb8 34.
Bxa4 h5 35. Bc6 d5 36. Bxd5+ Kh8 37. Rc7 Bd6 38. Rc8+ Kg7 39. Rxb8 Bxb8 40. a4
Kf8 41. b4 Ke7 42. a5 Kd6 43. Kf1 g4 44. fxg4 hxg4 45. h4 gxh3 46. gxh3 Kc7 47.
h4 Kd7 48. h5 Ke7 49. h6 Kf6 50. b5 Bc7 51. b6 Bb8 52. a6 1-0

[Event "NAYCC U12 w"]
[Site "Kingston CAN"]
[Date "2019.08.18"]
[Round "5.100"]
[White "Wen, Kally"]
[Black "Hua, Michelle"]
[Result "1/2-1/2"]
[WhiteElo "1339"]
[BlackElo "1666"]
[PlyCount "89"]
[EventDate "2019.08.16"]
[EventType "swiss"]
[EventRounds "9"]
[EventCountry "CAN"]

1. d4 d5 2. c4 e6 3. Nc3 Nf6 4. cxd5 exd5 5. Bg5 Be7 6. Qc2 O-O 7. e3 c6 8. Bd3
h6 9. Bh4 Be6 10. h3 Nh5 11. Bxe7 Qxe7 12. Nf3 Nd7 13. O-O Nhf6 14. Rab1 Rfc8
15. b4 b5 16. Rfc1 Nb6 17. a4 a6 18. a5 Nc4 19. Qa2 Qd7 20. Bxc4 dxc4 21. Ne5
Qb7 22. Qc2 Rd8 23. Re1 Rd6 24. Ne4 Nxe4 25. Qxe4 Bd5 26. Qf4 Rad8 27. Qg3 Be4
28. Rbc1 f6 29. Ng4 Kh7 30. Qf4 Qe7 31. Ne5 Bd5 32. Qf5+ Kg8 33. Ng6 Qe4 34.
Qxe4 Bxe4 35. Nf4 g5 36. Ne2 Bd3 37. Ng3 Kh7 38. Rc3 Bg6 39. Rcc1 Re6 40. Ne2
Bd3 41. Nc3 Kg7 42. Rcd1 Red6 43. Rc1 R8d7 44. Rcd1 Bc2 45. Rc1 1/2-1/2

[Event "NAYCC U12 w"]
[Site "Kingston CAN"]
[Date "2019.08.18"]
[Round "5.101"]
[White "Ruchinskaya, Valerie"]
[Black "Zhong, April Yunwei"]
[Result "1/2-1/2"]
[WhiteElo "1412"]
[BlackElo "1340"]
[PlyCount "190"]
[EventDate "2019.08.16"]
[EventType "swiss"]
[EventRounds "9"]
[EventCountry "CAN"]

1. d4 f5 2. Bg5 g6 3. g3 Bg7 4. Bg2 Nc6 5. Nf3 d6 6. O-O Nf6 7. c3 O-O 8. Nbd2
h6 9. Qb3+ Kh7 10. Bxf6 Rxf6 11. Ne1 e5 12. dxe5 dxe5 13. Rd1 Qe8 14. Bd5 Rb8
15. Nd3 Be6 16. Bxe6 Rxe6 17. Nc5 Re7 18. Nc4 b6 19. Na6 Rd8 20. Nb4 Nxb4 21.
Qxb4 Red7 22. Qb3 Qf7 23. Ne3 Qxb3 24. axb3 Rd2 25. Rxd2 Rxd2 26. Nc4 Rd7 27.
Rb1 h5 28. Kf1 Kh6 29. Ra1 c5 30. Ke1 Kg5 31. f3 Kf6 32. Na3 Bh6 33. Ra2 Be3
34. Nb5 Rd2 35. Nc7 Kg5 36. Ne6+ Kf6 37. Nc7 Kg5 38. h4+ Kh6 39. Ne6 Rc2 40.
Kf1 Rc1+ 41. Kg2 Rg1+ 42. Kh2 Re1 43. Rxa7 Rxe2+ 44. Kh1 g5 45. Nf8 gxh4 46.
gxh4 Re1+ 47. Kg2 Rg1+ 48. Kh2 Rg7 49. Ra6 Rb7 50. Kg3 Kg7 51. Ne6+ Kf6 52. Nd8
Rb8 53. Nc6 Rb7 54. Na5 Rb8 55. Nc4 f4+ 56. Kg2 Rg8+ 57. Kf1 Rg1+ 58. Ke2 Rg2+
59. Kd3 Kf5 60. Rxb6 Rh2 61. Nxe3+ fxe3 62. Kxe3 Rxb2 63. Rh6 Rxb3 64. Rxh5+
Kf6 65. Kd3 Rb1 66. Ke4 Re1+ 67. Kd5 Re3 68. c4 Rd3+ 69. Kxc5 Rxf3 70. Kd5 Re3
71. c5 Rd3+ 72. Kc6 Rc3 73. Rh6+ Kf7 74. h5 e4 75. Rd6 e3 76. Rd1 e2 77. Re1
Re3 78. Kb6 Rb3+ 79. Kc7 Re3 80. c6 Kg7 81. Kb7 Rb3+ 82. Kc8 Rc3 83. c7 Re3 84.
Kd7 Rd3+ 85. Ke6 Rc3 86. Kd7 Rd3+ 87. Kc8 Re3 88. Kd7 Rd3+ 89. Ke6 Rc3 90. Kd7
Rd3+ 91. Ke8 Rc3 92. Rxe2 Rxc7 93. Re6 Rc8+ 94. Kd7 Rc5 95. h6+ Kh7 1/2-1/2

[Event "NAYCC U12 w"]
[Site "Kingston CAN"]
[Date "2019.08.18"]
[Round "5.102"]
[White "Wang, Felicity"]
[Black "Gomez Camara, Sofia"]
[Result "1-0"]
[WhiteElo "1490"]
[BlackElo "1243"]
[PlyCount "123"]
[EventDate "2019.08.16"]
[EventType "swiss"]
[EventRounds "9"]
[EventCountry "CAN"]

1. e4 e5 2. Nf3 Nf6 3. Nxe5 d6 4. Nf3 Nxe4 5. Nc3 Nxc3 6. dxc3 Be7 7. Be3 O-O
8. Qd2 Be6 9. Bd3 Nd7 10. a3 Nf6 11. O-O-O Qd7 12. h3 Bf5 13. g4 Bxd3 14. Qxd3
a6 15. g5 Nh5 16. Nd4 g6 17. h4 b5 18. f4 c5 19. Ne2 Qe6 20. Kb1 Rfe8 21. Rhe1
Bf8 22. Bc1 Qe4 23. Ng1 Qxd3 24. cxd3 d5 25. Nf3 Bd6 26. Ne5 d4 27. cxd4 cxd4
28. Re4 Bxe5 29. fxe5 Rad8 30. Rg1 Rd5 31. Rgg4 Rexe5 32. Rxe5 Rxe5 33. Rxd4
Ng7 34. Rd8+ Re8 35. Rxe8+ Nxe8 36. Kc2 Nd6 37. Be3 Nb7 38. Kc3 Kf8 39. Kd4 Ke7
40. Kd5 Kd7 41. b4 a5 42. bxa5 Nxa5 43. Kc5 Nb7+ 44. Kxb5 Nd6+ 45. Kc5 Nc8 46.
a4 Kc7 47. d4 Kd7 48. a5 Kc7 49. Bf4+ Kb7 50. d5 Na7 51. d6 Kc8 52. Kb6 Kd8 53.
Kxa7 Kc8 54. d7+ Kxd7 55. Kb7 Ke6 56. a6 Kf5 57. Bg3 Kg4 58. Be1 Kf4 59. a7 Kg4
60. a8=Q Kh5 61. Qa4 h6 62. Qd1# 1-0

[Event "NAYCC U12 w"]
[Site "Kingston CAN"]
[Date "2019.08.18"]
[Round "5.103"]
[White "Zhou, Celina"]
[Black "Chen, Angela"]
[Result "1/2-1/2"]
[WhiteElo "1446"]
[BlackElo "1341"]
[PlyCount "98"]
[EventDate "2019.08.16"]
[EventType "swiss"]
[EventRounds "9"]
[EventCountry "CAN"]

1. d4 d5 2. c4 e6 3. Nc3 Nf6 4. Nf3 Nbd7 5. Bg5 h6 6. Bh4 Be7 7. e3 dxc4 8.
Bxc4 O-O 9. O-O Nb6 10. Be2 Nfd5 11. Bxe7 Qxe7 12. Rc1 c6 13. e4 Nf4 14. Re1
Nxe2+ 15. Qxe2 Bd7 16. Qc2 Qf6 17. Ne5 Rfd8 18. Re3 Rf8 19. a4 a5 20. Qb3 Qd8
21. Nxd7 Nxd7 22. Qxb7 Rc8 23. Qb3 Nf6 24. Rd1 Rb8 25. Qc2 Rb4 26. Ne2 Qb6 27.
b3 Rc8 28. Rc3 Qb7 29. f3 Qb6 30. Kh1 Nd7 31. d5 exd5 32. exd5 c5 33. Nd4 Ne5
34. f4 Nd7 35. Nc6 Rxc6 36. dxc6 Qxc6 37. Rcd3 Rxf4 38. Rxd7 Qxd7 39. g3 Qc6+
40. Kg1 Re4 41. Rd8+ Re8 42. Rxe8+ Qxe8 43. Qxc5 Qe1+ 44. Kg2 Qe2+ 45. Qf2 Qe4+
46. Qf3 Qc2+ 47. Kh3 Qc8+ 48. Qg4 Qc3 49. Qc4 Qe5 1/2-1/2

[Event "NAYCC U12 w"]
[Site "Kingston CAN"]
[Date "2019.08.18"]
[Round "5.104"]
[White "Vidyarthi, Omya"]
[Black "Huang, Lulu"]
[Result "1-0"]
[WhiteElo "1905"]
[BlackElo "1285"]
[PlyCount "131"]
[EventDate "2019.08.16"]
[EventType "swiss"]
[EventRounds "9"]
[EventCountry "CAN"]

1. d4 Nf6 2. Bg5 g6 3. Bxf6 exf6 4. g3 f5 5. Bg2 Bg7 6. e3 O-O 7. c4 Re8 8. Ne2
c5 9. O-O Nc6 10. Nbc3 d6 11. Qd2 cxd4 12. exd4 Bd7 13. Nb5 Qb8 14. Rfe1 a6 15.
Nbc3 Qa7 16. Rad1 Bxd4 17. Nxd4 Rxe1+ 18. Qxe1 Nxd4 19. Qe3 Re8 20. Qxd4 Re1+
21. Bf1 Qxd4 22. Rxd4 Be6 23. Kg2 f4 24. Rxf4 Bh3+ 25. Kxh3 Rxf1 26. Kg2 Re1
27. Rd4 Re6 28. Ne4 b6 29. Kf3 f5 30. Nxd6 Kf8 31. Nc8 Ke8 32. Rd6 Rxd6 33.
Nxd6+ Kd7 34. Nf7 Ke7 35. Ne5 Ke6 36. Nd3 Kd6 37. b4 a5 38. a3 Kc6 39. Kf4 Kd6
40. c5+ bxc5 41. Nxc5 axb4 42. axb4 Kd5 43. Kg5 Kc4 44. Nd3 Kb5 45. Kh6 g5 46.
Kxg5 h6+ 47. Kxf5 h5 48. Kg5 h4 49. Kxh4 Kc4 50. f4 Kd5 51. f5 Kd6 52. b5 Kd7
53. f6 Ke6 54. b6 Kd7 55. f7 Ke7 56. b7 Kxf7 57. b8=Q Ke7 58. Qb6 Kd7 59. Nc5+
Ke7 60. Qe6+ Kf8 61. Nd7+ Kg7 62. Qf6+ Kg8 63. Qe7 Kh8 64. Ne5 Kg8 65. Qf7+ Kh8
66. Ng6# 1-0

[Event "NAYCC U12 w"]
[Site "Kingston CAN"]
[Date "2019.08.18"]
[Round "5.105"]
[White "Yang, Adelynne"]
[Black "Elangovan, Ramya"]
[Result "1-0"]
[WhiteElo "1133"]
[BlackElo "1432"]
[PlyCount "189"]
[EventDate "2019.08.16"]
[EventType "swiss"]
[EventRounds "9"]
[EventCountry "CAN"]

1. e4 c5 2. Nf3 e6 3. c3 Nf6 4. Bd3 Nc6 5. Bc2 b6 6. O-O Ba6 7. Re1 Qc7 8. d4
cxd4 9. cxd4 Nb4 10. Nc3 Nxc2 11. Qxc2 h6 12. a3 Be7 13. Ne5 O-O 14. Bf4 Bd6
15. Qd2 Nh5 16. g3 Nxf4 17. gxf4 Rfd8 18. Rac1 Qb8 19. Kh1 Kh7 20. Rg1 f6 21.
Ng6 Rc8 22. e5 Bb7+ 23. d5 exd5 24. Qd3 d4+ 25. f3 f5 26. Nb5 Rxc1 27. Rxc1 Bc5
28. Nh4 a6 29. Nxd4 Bxd4 30. Qxd4 Qd8 31. Qf2 Rc8 32. Rg1 Rc4 33. Qg3 Qf8 34.
Nxf5 Bxf3+ 35. Qxf3 Qxf5 36. Qg3 Qe4+ 37. Qg2 Qxg2+ 38. Kxg2 Rxf4 39. Re1 Rd4
40. Re2 Kg6 41. e6 dxe6 42. Rxe6+ Kf5 43. Rxb6 Ra4 44. Kf3 g5 45. Rxh6 Ra5 46.
h4 Rb5 47. hxg5 Kxg5 48. Rxa6 Rxb2 49. Ke4 Ra2 50. Kd4 Kf5 51. a4 Ra1 52. Kd5
Rd1+ 53. Kc6 Ke5 54. Kc7 Ra1 55. a5 Kd5 56. Rd6+ Kc5 57. a6 Kb5 58. Rb6+ Kc5
59. Kb7 Rh1 60. Rc6+ Kd5 61. a7 Rh8 62. Rc8 Rh7+ 63. Rc7 Rh8 64. a8=Q Rxa8 65.
Kxa8 Kd6 66. Rc4 Kd5 67. Rh4 Ke5 68. Kb7 Kf5 69. Kc6 Kg5 70. Ra4 Kf5 71. Kd5
Kf6 72. Ke4 Kg6 73. Ra5 Kh6 74. Kf4 Kg6 75. Rb5 Kh6 76. Kg4 Kg6 77. Rb6+ Kf7
78. Kg5 Ke7 79. Kf5 Kd7 80. Ke5 Kc7 81. Rg6 Kd7 82. Rh6 Kc7 83. Kd5 Kb7 84. Kc5
Ka7 85. Kb5 Kb7 86. Rh7+ Kc8 87. Kb6 Kd8 88. Kc6 Ke8 89. Kd6 Kf8 90. Ke6 Kg8
91. Ra7 Kh8 92. Kf5 Kg8 93. Kf6 Kh8 94. Kg6 Kg8 95. Ra8# 1-0

[Event "NAYCC U12 w"]
[Site "Kingston CAN"]
[Date "2019.08.18"]
[Round "5.106"]
[White "Tec, Isavelina"]
[Black "Zhang, Joyce"]
[Result "0-1"]
[WhiteElo "1163"]
[BlackElo "1339"]
[PlyCount "160"]
[EventDate "2019.08.16"]
[EventType "swiss"]
[EventRounds "9"]
[EventCountry "CAN"]

1. e4 c5 2. d4 cxd4 3. c3 Nf6 4. e5 Nd5 5. Qxd4 e6 6. Nf3 Nc6 7. Qe4 Be7 8. Bc4
Nb6 9. Bb3 d5 10. exd6 Bxd6 11. O-O h6 12. Be3 f5 13. Qc2 O-O 14. Rd1 Qe7 15.
Nbd2 Kh8 16. Nd4 Nxd4 17. Bxd4 e5 18. Be3 f4 19. Bxb6 axb6 20. Nc4 Bc7 21. f3
Bf5 22. Qe2 Rad8 23. Rxd8 Rxd8 24. Rd1 Rxd1+ 25. Qxd1 Qd7 26. Qe1 Qe7 27. Qd1
e4 28. fxe4 Qxe4 29. Qf1 b5 30. Nd2 Qe3+ 31. Qf2 Bb6 32. Qxe3 Bxe3+ 33. Kf1
Bxd2 34. Bd5 b6 35. Bc6 b4 36. cxb4 Bxb4 37. Ke2 g5 38. a3 Bd6 39. b4 Kg7 40.
Kf3 g4+ 41. Ke2 Kf6 42. Be8 Be5 43. a4 Bc3 44. b5 Bc2 45. Bd7 Kg5 46. Bc6 Bxa4
47. Kd3 Bf6 48. Ke4 g3 49. hxg3 fxg3 50. Kf3 Be5 51. Ke4 Bd6 52. Ke3 h5 53. Kf3
h4 54. Bd7 h3 55. gxh3 Bb3 56. Bc6 Bd1+ 57. Kg2 Kf6 58. h4 Ke5 59. Kxg3 Kd4+
60. Kf2 Be7 61. Ke1 Bh5 62. Kd2 Bxh4 63. Kc2 Be2 64. Kb3 Be7 65. Kc2 Kc5 66.
Kb3 Bxb5 67. Be4 Bc6 68. Bd3 b5 69. Bxb5 Bxb5 70. Kc3 Bf6+ 71. Kb3 Bd4 72. Kc2
Bc4 73. Kd2 Kb4 74. Kc2 Bc3 75. Kd1 Kb3 76. Kc1 Be2 77. Kb1 Bd2 78. Ka1 Ka3 79.
Kb1 Bd3+ 80. Ka1 Bc3# 0-1